000 00581nam a22001932 4500
001 0000001209
005 20151217155808.0
008 070227s xx 000 0 eng d
040 _aKABU
_cKABU
050 0 _aDT443.3
_b.S92P75
100 1 _aPrins, A. H. J.
_@0000149279
245 1 4 _aThe Swahili-speaking peoples of Zanzibar and the East African coast.
260 _aLondon :
_bIAI,
_c1961.
300 _a148 p.
600 1 0 _aSwahili-speaking peoples (Tanzania)
_@0000149804
908 _a070227
950 _@1
999 _c12520
_d12520